Normal view
MARC view
- Great Britain
Entry Geographic Name
001 - CONTROL NUMBER
- control field: 93584
003 - CONTROL NUMBER IDENTIFIER
- control field: NUST
005 - DATE AND TIME OF LATEST TRANSACTION
- control field: 20220715091029.0
008 - FIXED-LENGTH DATA ELEMENTS
- fixed length control field: 220715|| aca||aabn | a|a d
040 ## - CATALOGING SOURCE
- Original cataloging agency: NUST
- Transcribing agency: NUST
151 ## - HEADING--GEOGRAPHIC NAME
- Geographic name: Great Britain
- General subdivision: History
- Chronological subdivision: Charles I, 1625-1649
670 ## - SOURCE DATA FOUND
- Source citation: Work cat.: (NUST)0: Stickles, Frances Copeland. 93578, A crown for Henrietta Maria :, 1988.
